Každý desátý absolvent nestojí o práci na plný úvazek

Formovanie novej generácie pracovníkov - tzv. slashies. Ide o generáciu mladých ľudí, ktorí sú multi-kvalifikovaní, chcú mať viac pracovných vzťahov a častejšie ich striedať. Nerozlišujú medzi svojimi koníčkami a svojou prácou. Za úspech nepovažujú čo najvyššiu mzdu a kariérny rast v rámci jednej fi...

Descrizione completa

Salvato in:
Dettagli Bibliografici
Natura: Capitolo di libro
Lingua:ceco
Soggetti:
Tags: Aggiungi Tag
Nessun Tag, puoi essere il primo ad aggiungerne!!

MARC

LEADER 00000naa a2200000 4500
001 0231290
005 20170607092249.6
041 0 |a cze 
044 |a CZ 
245 1 0 |a Každý desátý absolvent nestojí o práci na plný úvazek 
520 |a Formovanie novej generácie pracovníkov - tzv. slashies. Ide o generáciu mladých ľudí, ktorí sú multi-kvalifikovaní, chcú mať viac pracovných vzťahov a častejšie ich striedať. Nerozlišujú medzi svojimi koníčkami a svojou prácou. Za úspech nepovažujú čo najvyššiu mzdu a kariérny rast v rámci jednej firmy, motiváciou a známkou úspechu je v komunite slashies vyváženosť pracovného a súkromného života. K tomuto životnému a kariérnemu štýlu sa prikláňa každý desiaty absolvent vo Veľkej Británii. Výhody a nevýhody tohoto štýlu. Firemná kultúra. 
610 2 0 |a pracovníci mladí 
610 2 0 |a štýl pracovný 
610 2 0 |a štýl životný 
610 2 0 |a kariéra 
610 2 0 |a vzťahy pracovné